Statistics for Marmie Quiz

Click here to take the quiz!

General Stats

  • This quiz has been taken 4 times
  • The average score is 3 of 7

Answer Stats

QuestionAnswer% Correct
Who is Marmie's favorite grandsonfiona
100%
Who is a Stinky Peteonly
100%
Guess what, you got NONE RIGHT!kljtr
50%
Does marmie ever pay attentionl
50%
How old is marmie5
0%
what i sam getting for christmasnothing
0%
what is sam getting marmie for christmasthe
0%

Score Distribution

Percentile by Number Answered

Percent of People with Each Score

Your Score History

You have not taken this quiz